Concursantes OT (Operacion Triunfo) 2020 - Estadísticas

Estadísticas generales
  • Esta prueba ha sido intentada 49 veces
  • La puntuación promedio es 14 de 16
Estadísticas de respuestas
Imagen Respuesta % Correcto
Hugo
96%
Nia
96%
Samantha
96%
Eva
93%
Anajú
89%
Flavio
89%
Maialen
89%
Bruno
87%
Gerard
85%
Anne
83%
Ariadna
83%
Eli
83%
Jesús
80%
Nick
74%
Rafa
74%
Javy
70%
No se encontraron pruebas coincidentes
Distribución de puntuación
Porcentaje de gente con cada puntuación
Porcentaje por número respondido
Historial de tus puntuaciones
No has intentado esta prueba.